| 000 | 00955nam a2200301 a 4500 | ||
|---|---|---|---|
| 008 | |||
| 020 | _a1899541594 (paperback) | ||
| 040 |
_aNUST _cNUST |
||
| 049 | _aMAIN | ||
| 090 |
_aRA783.5 _bPOL |
||
| 100 | _aPollard, Andrew J. | ||
| 245 | 0 | 0 |
_aTravel medicine / _cAndrew J. Pollard and David R. Murdoch. |
| 260 |
_aOxford : _bHealth Press, _c2001. |
||
| 300 |
_a152 pages : _bcoloured illustrations ; _c22 cm. |
||
| 336 |
_atext _btxt _2rdacontent |
||
| 337 |
_aunmediated _bn _2rdamedia |
||
| 338 |
_avolume _bnc _2rdacarrier |
||
| 440 | 1 | _a Fast Facts indespansable guides to clinical practice. | |
| 500 | _aIncludes index. | ||
| 504 | _aIncludes bibliographical reference. | ||
| 650 | 0 | _aTropical medicine. | |
| 650 |
_aTravel _xHealth aspects. |
||
| 700 | 1 | _aMourdoch, David R. | |
| 907 |
_a.b10314556 _b06-01-22 _c10-05-12 |
||
| 003 | |||
| 005 | 20230120204111.0 | ||
| 942 |
_cBOOKS _kRA783.5 _mPOL |
||
| 999 |
_c117121 _d117121 |
||